000 00896cam a2200289 a 4500
999 _c130456
_d130456
001 15479663
003 ARRUPE
005 20200319130040.0
008 080910s2008 ii 000 0 eng
010 _a 2008325927
020 _a9788171766475
025 _aI-E-2008-325927; 13-90
035 _a(IN-NdUBS)UBS08002530
037 _bLibrary of Congress -- New Delhi Overseas Office
_cRs75.00
040 _aDLC
_cDLC
042 _alcode
050 0 0 _aBV289.
_bJ58
245 0 0 _aPauline prayer services /
_cedited by Antonette Jesumani fsp.
260 _aMumbai :
_bPauline Publications,
_cc2008.
300 _a158 p. ;
_c23 cm.
650 _aPrayer services
_949771
700 1 _aJesumani, Antonette.
_949772
710 2 _aPauline Sisters Bombay Society.
_949773
906 _a7
_bcbc
_corigode
_d3
_encip
_f20
_gy-gencatlg
942 _2lcc
_cMONOGRAPH